New concept english first things first students book

Guardado en:
Detalles Bibliográficos
Autor principal: Alexander, L.G
Formato: Libro
Lenguaje:inglés
Publicado: London Longman 1967
Etiquetas: Agregar Etiqueta
Sin Etiquetas, Sea el primero en etiquetar este registro!

MARC

LEADER 00000nam a2200000 4500
001 c111553
005 20050118152246.0
041 0 |a eng 
044 |a GB 
245 1 0 |a New concept english  |b first things first students book  |c L.G. Alexander 
264 1 |a London  |b Longman  |c 1967 
300 |a 146 s. 
100 1 |a Alexander, L.G.